Statistics for Every EFL Championship Club Ever

Click here to take the quiz!

General Stats

  • This quiz has been taken 261 times
  • The average score is 44 of 55

Answer Stats

Team% Correct
Aston Villa
97%
Norwich City
95%
Newcastle United
94%
Blackburn Rovers
93%
Sunderland
93%
Birmingham City
92%
Leeds United
92%
Nottingham Forest
92%
West Bromwich Albion
92%
Wolverhampton Wanderers
92%
Bournemouth
91%
Cardiff City
91%
Fulham
91%
Leicester City
91%
Southampton
91%
Swansea City
91%
Blackpool
89%
Derby County
89%
Sheffield United
89%
Sheffield Wednesday
89%
Brighton & Hove Albion
88%
Burnley
88%
Crystal Palace
88%
Middlesbrough
88%
Queens Park Rangers
88%
West Ham United
88%
Hull City
87%
Ipswich Town
86%
Portsmouth
86%
Barnsley
85%
Wigan Athletic
85%
Bolton Wanderers
84%
Millwall
84%
Watford
84%
Brentford
83%
Huddersfield Town
83%
Bristol City
82%
Charlton Athletic
82%
Preston North End
80%
Reading
80%
Stoke City
80%
Luton Town
79%
Rotherham United
70%
Plymouth Argyle
69%
Yeovil Town
69%
Doncaster Rovers
68%
Burton Albion
66%
MK Dons
63%
Peterborough United
63%
Gillingham
57%
Colchester United
55%
Southend United
55%
Crewe Alexandra
50%
Scunthorpe United
50%
Coventry United
12%

Score Distribution

Percentile by Number Answered

Percent of People with Each Score

Your Score History

You have not taken this quiz